Các bệnh do nước uống gây nên được điều trị tại trung tâm y tế Cần Thơ

Đã lưu trong:
書目詳細資料
主要作者: Nguyễn Bạch Mai
格式: 圖書
語言:Undetermined
出版: Cần Thơ Viện Đại Học Cần Thơ - Đại Học KHoa Học - Ban Vạn Vật Học 1972
主題:
標簽: 添加標簽
沒有標簽, 成為第一個標記此記錄!
Thư viện lưu trữ: Trung tâm Học liệu Trường Đại học Cần Thơ
LEADER 00706nam a2200181Ia 4500
001 CTU_33790
008 210402s9999 xx 000 0 und d
082 |a 616 
082 |b M103 
100 |a Nguyễn Bạch Mai 
245 0 |a Các bệnh do nước uống gây nên được điều trị tại trung tâm y tế Cần Thơ 
245 0 |c Nguyễn Bạch Mai 
260 |a Cần Thơ 
260 |b Viện Đại Học Cần Thơ - Đại Học KHoa Học - Ban Vạn Vật Học 
260 |c 1972 
650 |a internal medicine,pathology,pollution,public health,water - pollution 
904 |i Minh, 991110 
980 |a Trung tâm Học liệu Trường Đại học Cần Thơ